000 00189 a2200097 4500
020 _a9781558857063
041 _aeng
100 _aCarlos Cisneros
245 _aThe land grant
942 _cBK
999 _c13808
_d13808